000 00739nam a2200253Ia 4500
005 20250425162206.0
008 250425s9999 xx 000 0 und d
020 _a1589064313
041 _aspa
082 _a338.5443
100 _aFONDO MONETARIO, INTERNACIONAL
245 0 _aPERSPECTIVAS DE LA ECONOMIA MUNDIAL: GLOBALIZACION Y DESEQUILIBRIOS EXTERNOS
250 _a1A ED.
260 _aEstados Unidos
_bFONDO MONETARIO INTERNACIONAL
_c2005
260 _aWASHINGTON
300 _a308
500 _aABRIL 2005. ESTUDIOS ECONOMICOS Y FINANCIEROS
650 _aECONOMIA MUNDIAL
650 _aGLOBALIZACION
650 _aPOLITICA ECONOMICA
710 _aFONDO MONETARIO INTERNACIONAL
942 _c01
010 _a55196
999 _c224221
_d224221